00960 2200337 4500001002100000005001500021035002000036007000300056040001700059100003000076245002800106250001000134300003300144020002200177041000800199082001200207084001800219090002200237264004000259336002100299337003000320338002300350630004100373650001000414700007600424850001000500008004100510504002500551990002300576990002300599INLIS00000000000535320260514085316 a0010-0222000443ta aSBPUPADbind0 aDede KurniawanePengarang1 aBukhari Muslim For Kids acet.1 a144 Hal. :bilus. ;c19,5 cm a978-979-752-773-00 aind a297.221 a297.221 DED b a297.221 DED b 2 8 aBandung :bMizan Media Utama,c2009 2rdacontentaTeks 2rdamediaaTanpa Perantara 2rdacarrieraVolume aKumpulan Hadis Pilihan Penuntun Anak 4aAgama0 aPenyunting ke-1 Dadan Ramadhan , Penyunting ke-2 ,Doel WahabePengarang aPUPAD260514 0  abibliografi, hlm 142 a10461/BR/KAPD/2007 a10463/BR/KAPD/2007